Derecho de defensa y principio acusatorio en el juicio por faltas Evolucin̤ jurisprudencial y anl̀isis crt̕ico

Detalles Bibliográficos
Autor principal: Bellido Penadš, Rafael
Formato: Libro
Lenguaje:español
Publicado: Madrid : Dykinson, 2012
Materias:
Acceso en línea:http://www.vlex.com/source/6949

MARC

LEADER 00000nam a22000007a 4500
005 20130115161009.0
007 cr|||| ||||
008 130115e2012 sp ||||| |||| 00||0 spa d
020 |a 978-84-15454-10-6 
035 |a 6949 
040 |a vLex 
090 |c 3518  |d 3518 
100 1 0 |a Bellido Penadš, Rafael 
245 1 0 |a Derecho de defensa y principio acusatorio en el juicio por faltas  |b Evolucin̤ jurisprudencial y anl̀isis crt̕ico  |h [Recurso electrn̤ico] 
256 |a Servicio en ln̕ea 
260 |a Madrid :  |b Dykinson,  |c 2012 
300 |a 1 Recurso electrn̤ico 
650 0 4 |a Procedimiento penal 
740 |a vLex Libros (Servicio en ln̕ea) 
856 |a Acceso restringido  |u http://www.vlex.com/source/6949 
942 |c BOOK 
999 0 |a Criminal procedure